000 00846cam a22002895a 4500
001 15384296
003 OSt
005 20140310182744.0
008 080727s2007 ph a b f000 0 eng
010 _a 2008337391
020 _a9789717672007
040 _aDLC
_cDLC
_dDLC
042 _alcode
043 _aa-ph---
050 _aHD 76
_b.F56 2007
100 1 _aFlor, Alexander G.
_d1953-
245 1 0 _aDevelopment communication praxis /
_cAlexander G. Flor.
260 _aDiliman, Quezon City :
_bUniversity of the Philippines, Open University,
_c2007.
300 _a231 p. :
_bill. ;
_c23 cm.
521 _aMC
650 _a Agriculture
_vResearch.
650 _aCommunication
_vCulture
_xPsych.
906 _a7
_bibc
_corigode
_d3
_encip
_f20
_gy-gencatlg
942 _2lcc
_cBK
_kLOC
999 _c15618
_d15618